000 00636nam a22002537a 4500
001 BR9001803
003 BR-BrBNA
005 20230928093423.0
007 ta
008 230509b bl.||||| |||| 00| 0 por d
040 _aBR-BrBNA
_bpor
_cBiblioteca Nacional de Agricultura
041 _a(Por)
072 _aE10; E70
_b/G514
090 _ E10 BR9001803
100 1 _aMelo, F.H. de
245 1 _aInflacao e precos agricolas em perspectiva
260 3 _aSao Paulo, SP (Brasil):
_c1986.
300 _a16 p.
650 _aPRODUTO
650 _aPRECO
650 _aINFLACAO
909 _a202309
_bLucia
_c55
_dLucia Elande
942 _cBK
999 _c44882
_d44882